Financial management: for BBM IV semester students of Bangalore University (Record no. 209463)

MARC details
000 -LEADER
fixed length control field 00498nam a2200169Ia 4500
008 - FIXED-LENGTH DATA ELEMENTS--GENERAL INFORMATION
fixed length control field 231221s9999 xx 000 0 und d
020 ## - INTERNATIONAL STANDARD BOOK NUMBER
International Standard Book Number 9790000000000
041 ## - LANGUAGE CODE
Language code of text/sound track or separate title English
082 ## - DEWEY DECIMAL CLASSIFICATION NUMBER
Classification number 658.1 GUP;11
100 ## - MAIN ENTRY--PERSONAL NAME
Personal name Gupta, Shashi, K. Sharma, R.K. Gupta, Neeti
245 #0 - TITLE STATEMENT
Title Financial management: for BBM IV semester students of Bangalore University
250 ## - EDITION STATEMENT
Edition statement 2nd rev. ed.
260 ## - PUBLICATION, DISTRIBUTION, ETC.
Date of publication, distribution, etc. 2008
Name of publisher, distributor, etc. Kalayani
Place of publication, distribution, etc. Ludhiana
300 ## - PHYSICAL DESCRIPTION
Extent 12.19
650 ## - SUBJECT ADDED ENTRY--TOPICAL TERM
Topical term or geographic name entry element Financial,management:,BBM
942 ## - ADDED ENTRY ELEMENTS (KOHA)
Koha item type Business Management Library
Holdings
Date last seen Total checkouts Full call number Accession number Date last checked out Price effective from Category Lost status Damaged status Department Withdrawn status Home library Current library Shelving location Entry date Vendor Grants Billdate Currency symbol Conversion rate Discount Old discount
16/07/2024 1 658.1 GUP;11 BM1198 10/07/2024 26/01/2024 Business Management Library     Central Library   Central Library Central Library Central Library   Publisher DONATED 07/01/2013 RS 1    
26/01/2024   658.1 GUP;12 BM1660   26/01/2024 Business Management Library     Central Library   Central Library Central Library Central Library   Publisher DONATED 30/04/2016 RS 1    

© For any Suggestions or Query, please contact the library staff @ librarian@pes.edu or Phone: +9180 2672 1983/ 2108.